Computer translation of natural language / (Record no. 193943)
[ view plain ]
| 000 -LEADER | |
|---|---|
| fixed length control field | 00973 a2200277 4500 |
| 003 - CONTROL NUMBER IDENTIFIER | |
| control field | NUST |
| 005 - DATE AND TIME OF LATEST TRANSACTION | |
| control field | 20230118144030.0 |
| 020 ## - INTERNATIONAL STANDARD BOOK NUMBER | |
| International Standard Book Number | 0-470-20913-5 (Halsted) |
| 020 ## - INTERNATIONAL STANDARD BOOK NUMBER | |
| International Standard Book Number | 1-85058-056-1 (Sigma) ; |
| 040 ## - CATALOGING SOURCE | |
| Transcribing agency | Nust |
| 082 ## - DEWEY DECIMAL CLASSIFICATION NUMBER | |
| Classification number | 418.02 |
| 082 ## - DEWEY DECIMAL CLASSIFICATION NUMBER | |
| Classification number | 418.02,GOS |
| 100 1# - MAIN ENTRY--PERSONAL NAME | |
| Personal name | Goshawke, Walter |
| 9 (RLIN) | 107014 |
| 245 00 - TITLE STATEMENT | |
| Title | Computer translation of natural language / |
| Statement of responsibility, etc. | Walter Goshawke, Ian D.K. Kelly, J. David Wigg |
| 260 ## - PUBLICATION, DISTRIBUTION, ETC. | |
| Place of publication, distribution, etc. | Wilmslow : |
| Name of publisher, distributor, etc. | Sigma ; |
| Place of publication, distribution, etc. | New York : |
| Name of publisher, distributor, etc. | Halsted, |
| Date of publication, distribution, etc. | cop. 1987 |
| 300 ## - PHYSICAL DESCRIPTION | |
| Extent | 275 ,p; |
| 505 ## - FORMATTED CONTENTS NOTE | |
| Formatted contents note | An Overview of Machines Translation (Page-1), The SLUNT Number Language Systems (Page-71), The International Communication Systems (Page-143). |
| 650 #7 - SUBJECT ADDED ENTRY--TOPICAL TERM | |
| Topical term or geographic name entry element | languages |
| 9 (RLIN) | 107015 |
| 650 #7 - SUBJECT ADDED ENTRY--TOPICAL TERM | |
| Topical term or geographic name entry element | Machine translating |
| 9 (RLIN) | 107016 |
| 650 #7 - SUBJECT ADDED ENTRY--TOPICAL TERM | |
| Topical term or geographic name entry element | Machine translation |
| 9 (RLIN) | 107017 |
| 650 #7 - SUBJECT ADDED ENTRY--TOPICAL TERM | |
| Topical term or geographic name entry element | Maskin?s䴴ning |
| 9 (RLIN) | 107018 |
| 650 #7 - SUBJECT ADDED ENTRY--TOPICAL TERM | |
| Topical term or geographic name entry element | Maskin?s䴴ning |
| 9 (RLIN) | 107018 |
| 700 1# - ADDED ENTRY--PERSONAL NAME | |
| Personal name | Kelly, Ian D. K. |
| 9 (RLIN) | 107019 |
| 700 1# - ADDED ENTRY--PERSONAL NAME | |
| Personal name | Wigg, J. David |
| 9 (RLIN) | 107020 |
| 942 ## - ADDED ENTRY ELEMENTS (KOHA) | |
| Source of classification or shelving scheme | |
| Koha item type | Book |
| Call number prefix | 418.02,GOS |
| Withdrawn status | Lost status | Source of classification or shelving scheme | Damaged status | Not for loan | Permanent Location | Current Location | Shelving location | Date acquired | Full call number | Barcode | Date last seen | Price effective from | Koha item type | Public note |
|---|---|---|---|---|---|---|---|---|---|---|---|---|---|---|
| Military College of Signals (MCS) | Military College of Signals (MCS) | General Stacks | 12/12/2016 | 418.02,GOS | MCS3360 | 12/08/2016 | 12/12/2016 | Book | Almirah No.54, Shelf No.5 |
